000 nam a22 7a 4500
999 _c39322
_d39322
005 20170801164624.0
008 170801b xxu||||| |||| 00| 0 eng d
040 _aANE
041 _aEs
044 _aEc
084 _aVIRTUAL-003373
110 _aMinisterio de Cultura de la República del Ecuador
245 _aPolíticas para una Revolución Cultural
300 _a48 p.
650 _aPOLÍTICAS Y ESTRATEGUIAS
650 _aDESCOLONIZACIÓN
650 _aDERECHOS CULTURALES
650 _aIDENTIDAD ECUATORIANA CONTEMPORÁNEA
856 _uhttp://documentacion.asambleanacional.gob.ec/alfresco/d/d/workspace/SpacesStore/5b926f89-a04c-4aff-bb5d-a4676acf0d7e/VIRTUAL%20-%20003373.pdf
942 _2ddc
_cBV
_zmbc